Science Quiz

Random Science or Anatomy Quiz
Score 0/15 Timer 04:00
0 Plays Today
Question Answer Wrong Answers
Chimpanzee Chimpanzee
96.1%
Sifaka
3.8%
Mouse Lemur Mouse Lemur
95.3%
Lowland Gorilla
2.9%
Human Human
92.5%
Talapoin
1.4%
Mountain Gorilla Mountain Gorilla
91.2%
Siamang
8.3%
Mandrill Baboon Mandrill Baboon
88.4%
Hoolock Gibbon
10.6%
Bushbaby Bushbaby
86.8%
Hanuman Langur
7.2%
Ruffed Lemur Ruffed Lemur
82.6%
Colobus Monkey
12.1%
Philippine Tarsier Philippine Tarsier
81.6%
Saki Monkey
13.8%
Bornean Orangutan Bornean Orangutan
78.6%
Red Uakari
16.4%
Aye-aye Aye-aye
76%
Woolly Spider Monkey
20%
Owl Monkey Owl Monkey
75.5%
Wedge-capped Capuchin
18.6%
Indri Indri
70.7%
Chacma Baboon
26.6%
Bonobo Bonobo
65.5%
Potto
28.8%
Marmoset Marmoset
63.7%
Ring-Tailed Lemur
30.9%
Mexican Howler Monkey Mexican Howler Monkey
62.5%
Sumatran Orangutan
34.1%
Remove Ads.
Support Sporcle.
Get the best of Sporcle when you Go Orange. This ad-free experience offers more features, more stats, and more fun while also helping to support Sporcle. Thank you for becoming a member.

You're not logged in!

Compare scores with friends on all Sporcle quizzes.
OR
Log In

Show Comments

Extras

Top Quizzes Today


Score Distribution

Your Account Isn't Verified!

In order to create a playlist on Sporcle, you need to verify the email address you used during registration. Go to your Sporcle Settings to finish the process.

Report this User

Report this user for behavior that violates our Community Guidelines.

Details: